Fashion Consumer Behavior Toward Dress

Guardado en:
Detalles Bibliográficos
Autor principal: Sproles, George B.
Formato: Libro
Lenguaje:inglés
Publicado: Minneapolis Burgess Publ. Co. 1979
Edición:1. ed.
Materias:
Etiquetas: Agregar Etiqueta
Sin Etiquetas, Sea el primero en etiquetar este registro!

MARC

LEADER 00000nam a2200000 4500
001 c001030
005 20221220103206.5
020 |a 0-8087-3535-7 
041 0 |a eng 
044 |a US 
245 1 0 |a Fashion  |b Consumer Behavior Toward Dress  |c George B. Sproles 
250 |a 1. ed. 
264 1 |a Minneapolis  |b Burgess Publ. Co.  |c 1979 
300 |a 244 s. 
610 2 0 |a spotrebitelia 
610 2 0 |a správanie 
610 2 0 |a priemysel odevný 
610 2 0 |a odevy 
610 2 0 |a analýza trhu 
610 2 0 |a marketing 
610 2 0 |a psychológia predaja 
610 2 0 |a rozhodovanie 
610 2 0 |a komunikácia 
610 2 0 |a štýl životný 
100 1 |a Sproles, George B.